Villes du Portugal - Statistiques

Statistiques générales
  • Ce quiz a été pris 125 fois
  • Le résultat moyen est 4 sur 15
Statistiques - réponses
Par images Réponse % Correct
Porto
88%
Lisbonne
85%
Aveiro
55%
Braga
46%
Nazaré
46%
Coimbra
19%
Bragança
6%
Faro
6%
Guarda
6%
Leiria
6%
Sétubal
5%
Viseu
4%
Santarém
3%
Castelo Branco
2%
Abrantes
1%
Aucun quiz correspondant
Distribution des résultats
% des personnes avec chaque résultat
Percentile par nombre de réponses
Votre historique - résultats
Vous n’avez pas pris ce quiz